[Event "FRA-chT3 Gr06 0607"]
[Site "France"]
[Date "2007.01.21"]
[Round "5.6"]
[White "Crahan, Alan"]
[Black "Desbois, Antoine"]
[Result "1-0"]
[WhiteElo "1855"]
[BlackElo "1991"]
[PlyCount "83"]
[EventDate "2006.10.15"]
[EventType "team"]
[EventRounds "9"]
[EventCountry "FRA"]
[SourceTitle "EXT 2008"]
[Source "ChessBase"]
[SourceDate "2007.11.25"]
[SourceVersion "1"]
[SourceVersionDate "2007.11.25"]
[SourceQuality "1"]
[WhiteTeam "Rennes Paul Bert II"]
[BlackTeam "Brest"]
[WhiteTeamCountry "FRA"]
[BlackTeamCountry "FRA"]

1. Nf3 Nf6 2. c4 g6 3. g3 Bg7 4. Nc3 d6 5. Bg2 e5 6. 0-0 0-0 7. Qc2 Nc6 8. d3 h6 9. a3 Bg4 10. e3 Qd7 11. b4 Rae8 12. Nd2 Bh3 13. Qa4 Bxg2 14. Kxg2 Ra8 15. Nd5 Qd8 16. b5 Ne7 17. e4 Nfxd5 18. cxd5 c6 19. dxc6 bxc6 20. bxc6 Qc7 21. Nc4 Nxc6 22. Be3 Nd4 23. Bxd4 exd4 24. Rfc1 d5 25. Ne3 Qe5 26. Nxd5 f5 27. Rc7 fxe4 28. Ne7+ Kh7 29. Qc6 Qf6 30. Qxf6 Rxf6 31. dxe4 Re6 32. Nd5 Kh8 33. Rb1 d3 34. Nf4 Rxe4 35. Rbb7 Bd4 36. Nxd3 g5 37. Rc4 Rae8 38. Rbb4 Rd8 39. Nc1 Re1 40. Rxd4 Rxd4 41. Rxd4 Rxc1 42. Rd7 1-0

[Event "FRA-chT3 Gr06 0607"]
[Site "France"]
[Date "2006.12.10"]
[Round "4.3"]
[White "Huguet, Francois"]
[Black "Desbois, Antoine"]
[Result "1-0"]
[WhiteElo "2070"]
[BlackElo "2002"]
[PlyCount "79"]
[EventDate "2006.10.15"]
[EventType "team"]
[EventRounds "9"]
[EventCountry "FRA"]
[SourceTitle "EXT 2008"]
[Source "ChessBase"]
[SourceDate "2007.11.25"]
[SourceVersion "1"]
[SourceVersionDate "2007.11.25"]
[SourceQuality "1"]
[WhiteTeam "Quimper"]
[BlackTeam "Brest"]
[WhiteTeamCountry "FRA"]
[BlackTeamCountry "FRA"]

1. d4 Nf6 2. c4 g6 3. Nc3 Bg7 4. e4 d6 5. Nf3 0-0 6. Be2 Nbd7 7. 0-0 e5 8. Re1 h6 9. Rb1 a5 10. a3 exd4 11. Nxd4 Nc5 12. f3 a4 13. Be3 Kh7 14. Qc2 c6 15. Rbd1 Qc7 16. Kh1 Re8 17. g4 Nfd7 18. Rg1 Nf8 19. f4 Ra5 20. Bf3 Nfe6 21. f5 Ng5 22. Bg2 Be5 23. h4 Rh8 24. hxg5 hxg5 25. Bh3 Kg7 26. Kg2 d5 27. Nf3 dxe4 28. Nxe5 gxf5 29. gxf5 Rxh3 30. Kxh3 Bxf5+ 31. Kg2 f6 32. Qf2 Qxe5 33. Bd4 Qe6 34. Bxc5 Bh3+ 35. Kh1 g4 36. Ne2 b6 37. Nf4 Qf5 38. Nxh3 Qh5 39. Qg3 Rxc5 40. Qxg4+ 1-0

[Event "FRA-chT2 0405"]
[Site "France"]
[Date "2004.11.06"]
[Round "2.4"]
[White "Fantin, Ludwig"]
[Black "Desbois, Antoine"]
[Result "1-0"]
[WhiteElo "2189"]
[BlackElo "2040"]
[PlyCount "37"]
[EventDate "2004.10.10"]
[EventType "team"]
[EventRounds "11"]
[EventCountry "FRA"]
[SourceTitle "EXT 2006"]
[Source "ChessBase"]
[SourceDate "2005.11.24"]
[SourceVersion "1"]
[SourceVersionDate "2005.11.24"]
[SourceQuality "1"]
[WhiteTeam "Clermont Ferrand"]
[BlackTeam "Brest"]
[WhiteTeamCountry "FRA"]
[BlackTeamCountry "FRA"]

1. e4 e5 2. Nf3 Nf6 3. Nxe5 d6 4. Nf3 Nxe4 5. d4 d5 6. Bd3 Bg4 7. 0-0 Be7 8. c4 c6 9. Re1 f5 10. Nbd2 0-0 11. Qb3 Nxd2 12. Nxd2 Qd7 13. cxd5 cxd5 14. Re5 Nc6 15. Rxd5 Qe6 16. Rd7 Qxb3 17. Nxb3 f4 18. Rxb7 Be6 19. Be4 1-0

[Event "Avoine op 16th"]
[Site "Avoine"]
[Date "2001.??.??"]
[Round "6"]
[White "Cotonnec, Antoine"]
[Black "Desbois, Antoine"]
[Result "0-1"]
[WhiteElo "2070"]
[BlackElo "1870"]
[PlyCount "50"]
[EventDate "2001.07.??"]
[EventType "swiss"]
[EventRounds "7"]
[EventCountry "FRA"]
[SourceTitle "EXT 2003"]
[Source "ChessBase"]
[SourceDate "2002.11.25"]
[SourceVersion "1"]
[SourceVersionDate "2002.11.25"]
[SourceQuality "1"]

1. d4 Nf6 2. c4 g6 3. Nc3 Bg7 4. e4 d6 5. f3 0-0 6. Be3 Nc6 7. Nge2 e5 8. d5 Ne7 9. Qd2 Nd7 10. g4 a5 11. Ng3 Nc5 12. h4 f5 13. gxf5 gxf5 14. Bh6 f4 15. Bxg7 Kxg7 16. Nge2 Kh8 17. 0-0-0 Bd7 18. Bh3 Rg8 19. Nxf4 exf4 20. Qd4+ Rg7 21. h5 h6 22. Rdg1 Qg8 23. Rg6 Kh7 24. Rhg1 Nxg6 25. hxg6+ Rxg6 0-1